[Event "Prague ProMoPro op"]
[Site "Prague"]
[Date "2005.09.21"]
[Round "7"]
[White "Stehno, Pavel"]
[Black "Balhar, Jan"]
[Result "0-1"]
[WhiteElo "2373"]
[BlackElo "2098"]
[PlyCount "196"]
[EventDate "2005.09.15"]
[EventType "swiss"]
[EventRounds "9"]
[EventCountry "CZE"]
[SourceTitle "CBM 108 Extra"]
[Source "ChessBase"]
[SourceDate "2005.11.04"]
[SourceVersion "1"]
[SourceVersionDate "2005.11.04"]
[SourceQuality "1"]

1. e4 c6 2. d4 d5 3. e5 Bf5 4. Nf3 e6 5. Be2 c5 6. c3 Nc6 7. dxc5 Bxc5 8. b4 Bb6 9. 0-0 Nge7 10. b5 Na5 11. Nh4 Bg6 12. Ba3 Rc8 13. Nd2 Rxc3 14. Bb4 Bc2 15. Qc1 Bd3 16. Qxc3 Bxe2 17. Rfe1 Bxb5 18. Rad1 Nec6 19. Nhf3 Nxb4 20. Qxb4 Bd3 21. Qa3 Bg6 22. h4 Qe7 23. Qa4+ Nc6 24. Qf4 0-0 25. Nf1 Qb4 26. Qg3 Bh5 27. Ne3 Qa4 28. Qg5 Bxf3 29. gxf3 Bd8 30. Qg4 Qxg4+ 31. Nxg4 h5 32. Nh2 Bxh4 33. f4 g6 34. Rd3 Bd8 35. Kg2 Bb6 36. f5 Nb4 37. Rg3 exf5 38. e6 Nxa2 39. exf7+ Kg7 40. Re6 Rxf7 41. Rgxg6+ Kf8 42. Nf3 Rg7 43. Nh4 Rxg6+ 44. Rxg6 Kf7 45. Rh6 Nc3 46. Rxh5 Ke6 47. Rxf5 Nd1 48. Rh5 Bxf2 49. Nf3 Bc5 50. Kf1 Ne3+ 51. Ke2 Nc4 52. Kd3 Kd6 53. Rh6+ Kc7 54. Rh7+ Kc6 55. Rh6+ Nd6 56. Rh5 Nc4 57. Rh6+ Kb5 58. Rh5 Kb4 59. Rxd5 a5 60. Rh5 b5 61. Ne1 Na3 62. Nf3 a4 63. Nd2 Be7 64. Re5 Bf6 65. Rf5 Bg7 66. Rh5 Ka5 67. Rf5 Bh6 68. Ne4 Kb4 69. Rh5 Bg7 70. Nd2 Ka5 71. Rf5 Bh6 72. Ne4 Kb4 73. Rh5 Bc1 74. Nd6 Bb2 75. Rf5 Bg7 76. Rh5 Bf8 77. Nf5 Bc5 78. Rh1 Kb3 79. Rc1 Nc4 80. Nd4+ Bxd4 81. Kxd4 a3 82. Kc5 a2 83. Rh1 Na3 84. Kb6 Nb1 85. Rh3+ Kc4 86. Rh4+ Kd5 87. Rh5+ Ke4 88. Rh4+ Kf5 89. Rh5+ Kg4 90. Rxb5 a1Q 91. Rb4+ Kf3 92. Rb3+ Ke4 93. Rb4+ Kd3 94. Rb3+ Kc4 95. Rb5 Qf6+ 96. Ka5 Qd8+ 97. Rb6 Kc5 98. Ka4 Nc3+ 0-1

[Event "Prague ProMoPro op"]
[Site "Prague"]
[Date "2005.09.18"]
[Round "4"]
[White "Balhar, Jan"]
[Black "Masek, Miroslav"]
[Result "0-1"]
[WhiteElo "2098"]
[BlackElo "2220"]
[PlyCount "45"]
[EventDate "2005.09.15"]
[EventType "swiss"]
[EventRounds "9"]
[EventCountry "CZE"]
[SourceTitle "CBM 108 Extra"]
[Source "ChessBase"]
[SourceDate "2005.11.04"]
[SourceVersion "1"]
[SourceVersionDate "2005.11.04"]
[SourceQuality "1"]

1. Nf3 d5 2. b3 Bg4 3. Bb2 Bxf3 4. exf3 e6 5. g3 Nf6 6. Bg2 c5 7. 0-0 Nc6 8. f4 Be7 9. d3 Rc8 10. Nd2 d4 11. a4 b6 12. Nc4 Nd5 13. Re1 0-0 14. Ne5 Ncb4 15. Be4 g6 16. Kg2 Kg7 17. h4 f5 18. Bf3 Bxh4 19. gxh4 Qxh4 20. Bxd5 Nxd5 21. Bc1 Nxf4+ 22. Kf3 Qh3+ 23. Kxf4 0-1

[Event "Rumburk op"]
[Site "Rumburk"]
[Date "2005.07.08"]
[Round "6"]
[White "Pokrupa, Marek"]
[Black "Balhar, Jan"]
[Result "1/2-1/2"]
[WhiteElo "2157"]
[BlackElo "2099"]
[PlyCount "109"]
[EventDate "2005.07.04"]
[EventType "swiss"]
[EventRounds "9"]
[EventCountry "CZE"]
[SourceTitle "EXT 2007"]
[Source "ChessBase"]
[SourceDate "2006.11.23"]
[SourceVersion "1"]
[SourceVersionDate "2006.11.23"]
[SourceQuality "1"]

1. e4 c6 2. d4 d5 3. Nc3 dxe4 4. Nxe4 Bf5 5. Ng3 Bg6 6. h4 h6 7. Nf3 Nd7 8. Bd3 Bxd3 9. Qxd3 Ngf6 10. Bd2 e6 11. 0-0-0 Qc7 12. Rhe1 0-0-0 13. Ne4 Nxe4 14. Qxe4 Bd6 15. Ne5 Nxe5 16. dxe5 Bc5 17. Be3 Bxe3+ 18. Qxe3 Rxd1+ 19. Rxd1 Rd8 20. Rxd8+ Qxd8 21. Qc5 a6 22. g3 h5 23. f4 g6 24. a4 Kb8 25. b4 Qc7 26. a5 Qd7 27. Qd6+ Kc8 28. c4 Kd8 29. Kc2 Ke8 30. Kc3 Qc8 31. Kb3 Qd8 32. Kc2 Qc8 33. Kc3 Qd8 34. Kb2 Qc8 35. Ka3 Qd8 36. Kb3 Qa8 37. Qc7 Qd8 38. Qd6 Qa8 39. Kc3 Qd8 40. Kd4 Qa8 41. Kd3 Qa7 42. Ke4 Qg1 43. Qb8+ Ke7 44. Qd6+ Ke8 45. Qb8+ Ke7 46. Qxb7+ Kf8 47. Qxa6 Qe1+ 48. Kf3 Qf1+ 49. Ke3 Qe1+ 50. Kf3 Qf1+ 51. Ke4 Qe1+ 52. Kd3 Qxg3+ 53. Kc2 Qf2+ 54. Kc3 Qe1+ 55. Kb3 1/2-1/2

[Event "Rumburk op"]
[Site "Rumburk"]
[Date "2005.07.05"]
[Round "3"]
[White "Balhar, Jan"]
[Black "Saburov, Vladimir"]
[Result "1-0"]
[WhiteElo "2099"]
[BlackElo "1860"]
[PlyCount "125"]
[EventDate "2005.07.04"]
[EventType "swiss"]
[EventRounds "9"]
[EventCountry "CZE"]
[SourceTitle "EXT 2007"]
[Source "ChessBase"]
[SourceDate "2006.11.23"]
[SourceVersion "1"]
[SourceVersionDate "2006.11.23"]
[SourceQuality "1"]

1. d4 Nf6 2. c4 g6 3. Nc3 Bg7 4. e4 d6 5. f3 0-0 6. Be3 Nc6 7. Qd2 e5 8. Nge2 exd4 9. Nxd4 Nh5 10. 0-0-0 Nxd4 11. Bxd4 Bxd4 12. Qxd4 Be6 13. g3 Qf6 14. Qd3 c6 15. f4 Rfd8 16. Bg2 Ng7 17. Rd2 Qe7 18. Qe2 f6 19. Rhd1 Rd7 20. Bf3 Rad8 21. b3 Ne8 22. Bg4 f5 23. exf5 gxf5 24. Bf3 Qf6 25. Qd3 Kh8 26. Re1 Ng7 27. Qd4 Qxd4 28. Rxd4 Kg8 29. Rd2 Kf7 30. Red1 Ke7 31. Ne2 Kf6 32. Nd4 Bf7 33. Ne2 h6 34. Kc2 Ne8 35. c5 d5 36. Nd4 Bg6 37. Re1 Re7 38. Rxe7 Kxe7 39. Re2+ Kf7 40. Re5 Ng7 41. b4 a6 42. Kc3 Kf6 43. a4 Be8 44. Be2 Bd7 45. Kd2 Rb8 46. Bd3 Re8 47. Nf3 Rd8 48. Nd4 Rf8 49. Ke3 Re8 50. h3 Rf8 51. Kf3 Ra8 52. g4 fxg4+ 53. hxg4 Kf7 54. f5 Kf6 55. Kf4 Rd8 56. Re1 Rg8 57. Rh1 Rh8 58. Rxh6+ Rxh6 59. g5+ Kf7 60. gxh6 Nh5+ 61. Ke5 Nf6 62. Kd6 Be8 63. Ne6 1-0